[Event "SK Bebenhausen - SC Böblingen"]
[Site "?"]
[Date "2023.03.05"]
[Round "7.5"]
[White "Schuh, Karsten"]
[Black "Hartmann, Martin"]
[Result "1/2-1/2"]
[WhiteElo "2144"]
[BlackElo "2187"]
[PlyCount "136"]
[EventDate "2023.??.??"]

1. Nf3 c5 2. c4 Nc6 3. g3 g6 4. Bg2 Bg7 5. O-O e5 6. Nc3 Nge7 7. Ne1 O-O 8. Nc2
d6 9. Ne3 a6 10. Ned5 Nxd5 11. Nxd5 Rb8 12. a3 b5 13. cxb5 axb5 14. b4 Be6 15.
Bb2 Ne7 16. Nxe7+ Qxe7 17. bxc5 dxc5 18. d3 Rfc8 19. Qd2 Qd6 20. Qe3 Rb6 21.
Rfc1 Ra6 22. Bb7 Rac6 23. Bxc8 Rxc8 24. a4 b4 25. a5 Bd5 26. a6 f5 27. Qd2 f4
28. f3 fxg3 29. hxg3 e4 30. Kg2 exf3+ 31. exf3 Rf8 32. Rf1 Qc6 33. Bxg7 Bxf3+
34. Kg1 Kxg7 35. Qf2 g5 36. a7 g4 37. Qd2 Qd5 38. a8=Q Rxa8 39. Rxa8 Qxa8 40.
Qg5+ Kh8 41. Qf6+ Kg8 42. Qe6+ Kh8 43. Qe5+ Kg8 44. Re1 Qd8 45. Qxc5 Qb8 46.
Re5 h6 47. Qe7 Bd5 48. Qe8+ Qxe8 49. Rxe8+ Kf7 50. Rb8 b3 51. Kf2 Ke7 52. Ke3
h5 53. Kd4 Bf7 54. Rb7+ Kf6 55. Rb6+ Kf5 56. Rb5+ Kf6 57. Ke3 Ke7 58. Rb7+ Kf6
59. Kf4 Bg8 60. Rb6+ Ke7 61. d4 Kd7 62. Rb8 Kc7 63. Rb4 Kc6 64. Kg5 Bf7 65. Kf6
Bg8 66. Kg5 Bf7 67. Kf5 Bd5 68. Kg5 Bf7 1/2-1/2

[Event "SK Bebenhausen - SC Böblingen"]
[Site "?"]
[Date "2023.03.05"]
[Round "7.6"]
[White "Latzke, Boris"]
[Black "Schroeter, Samuel"]
[Result "1-0"]
[WhiteElo "2160"]
[BlackElo "2144"]
[PlyCount "55"]
[EventDate "2023.??.??"]

1. d4 g6 2. c4 Bg7 3. e4 c5 4. d5 d6 5. Ne2 Nf6 6. Nbc3 Na6 7. f3 Nc7 8. Be3 a6
9. Ng3 Rb8 10. a4 b6 11. Be2 Bd7 12. O-O b5 13. e5 dxe5 14. axb5 axb5 15. Bxc5
bxc4 16. d6 exd6 17. Bxd6 Bf8 18. Nge4 Nxe4 19. Nxe4 Be7 20. Ra7 Rc8 21. Bxe7
Qxe7 22. Nd6+ Kf8 23. Nxc8 Bxc8 24. Kh1 Be6 25. Qd2 Kg7 26. Qa5 Rc8 27. Qxe5+
f6 28. Qe3 1-0

[Event "SK Bebenhausen - SC Böblingen"]
[Site "?"]
[Date "2023.03.05"]
[Round "7.8"]
[White "Waffenschmidt, Lars"]
[Black "Remmler, Hans-Peter"]
[Result "1-0"]
[WhiteElo "2275"]
[BlackElo "2119"]
[PlyCount "65"]
[EventDate "2023.??.??"]

1. e4 e5 2. Nf3 Nf6 3. Nxe5 d6 4. Nf3 Nxe4 5. c4 Be7 6. d4 O-O 7. Bd3 d5 8. O-O
c6 9. Nc3 Nxc3 10. bxc3 Bg4 11. Re1 dxc4 12. Bxc4 Bd6 13. Qd3 Nd7 14. Bg5 Qc7
15. Be7 Bxf3 16. Bxf8 Bxh2+ 17. Kh1 Bxg2+ 18. Kxg2 Nxf8 19. Qf5 Bd6 20. Re4 Qd7
21. Qf3 Re8 22. Rxe8 Qxe8 23. Rb1 b6 24. Re1 Qd7 25. Qh3 Qb7 26. Qf5 b5 27. Bb3
g6 28. Qf6 Qd7 29. Bxf7+ Qxf7 30. Qxd6 Qxa2 31. Re7 Qd5+ 32. Qxd5+ cxd5 33. Re5
1-0

[Event "SK Schwäbisch Hall - SG Schwäbisch Gmünd"]
[Site "?"]
[Date "2023.03.05"]
[Round "7.1"]
[White "Velicka, Petr"]
[Black "Sarenac, Ivan"]
[Result "1/2-1/2"]
[WhiteElo "2362"]
[BlackElo "2403"]
[PlyCount "83"]
[EventDate "2023.??.??"]

1. e4 e5 2. Nf3 Nc6 3. Bb5 a6 4. Ba4 Nf6 5. d3 b5 6. Bb3 Bc5 7. O-O d6 8. c3 h6
9. h3 O-O 10. Re1 Bb6 11. Nbd2 Ne7 12. Nf1 Ng6 13. Ng3 Re8 14. d4 c5 15. dxe5
dxe5 16. Qxd8 Rxd8 17. Be3 Rb8 18. Red1 Bb7 19. Bc2 Bc6 20. Rxd8+ Rxd8 21. a4
Nd7 22. axb5 axb5 23. Nf5 Ra8 24. Rxa8+ Bxa8 25. Nd6 Bc6 26. Nc8 Bc7 27. Na7
Ne7 28. c4 bxc4 29. Nxc6 Nxc6 30. Ba4 Ncb8 31. Bb5 Nf6 32. Nd2 c3 33. bxc3 Ba5
34. c4 Bxd2 35. Bxd2 Nbd7 36. Ba5 Nf8 37. Bc7 Nxe4 38. Bxe5 f6 39. Bc7 Ne6 40.
Bb6 Nd6 41. Bd7 Kf7 42. Bxe6+ 1/2-1/2

[Event "SK Schwäbisch Hall - SG Schwäbisch Gmünd"]
[Site "?"]
[Date "2023.03.05"]
[Round "7.2"]
[White "Manoeuvre, Antoine"]
[Black "Jurek, Josef"]
[Result "1/2-1/2"]
[WhiteElo "2316"]
[BlackElo "2239"]
[PlyCount "77"]
[EventDate "2023.??.??"]

1. d4 Nf6 2. c4 e6 3. Nc3 Bb4 4. Qc2 O-O 5. a3 Bxc3+ 6. Qxc3 b6 7. Bg5 Bb7 8.
Nf3 d6 9. Nd2 Nbd7 10. f3 c5 11. dxc5 bxc5 12. e3 a5 13. b3 h6 14. Bh4 Re8 15.
Bf2 d5 16. Be2 Qe7 17. O-O Red8 18. Rfd1 Ne8 19. Rac1 Qf6 20. Nb1 Ba6 21. Qc2
a4 22. bxa4 Bxc4 23. Bxc4 dxc4 24. Qxc4 Ne5 25. Qc2 c4 26. Nc3 Nd3 27. Rb1 Nd6
28. Nb5 Qe5 29. e4 Nxf2 30. Qxf2 c3 31. Qd4 Qxd4+ 32. Nxd4 Nc4 33. Nc2 Nb2 34.
Rxd8+ Rxd8 35. a5 Ra8 36. Nd4 Rxa5 37. Ne2 Rxa3 38. Nxc3 Rxc3 39. Rxb2 1/2-1/2

[Event "SK Schwäbisch Hall - SG Schwäbisch Gmünd"]
[Site "?"]
[Date "2023.03.05"]
[Round "7.3"]
[White "Hoenick, Andreas"]
[Black "Danada, Tomas"]
[Result "0-1"]
[WhiteElo "2127"]
[BlackElo "2230"]
[PlyCount "76"]
[EventDate "2023.??.??"]

1. d4 Nf6 2. c4 e6 3. Nc3 Bb4 4. Qc2 d5 5. cxd5 exd5 6. Bg5 h6 7. Bh4 O-O 8. e3
Re8 9. Nf3 c5 10. Bb5 Bd7 11. Bxd7 Nbxd7 12. dxc5 Qa5 13. O-O Bxc3 14. Qxc3
Qxc3 15. bxc3 g5 16. Bg3 Nxc5 17. Rfc1 Rac8 18. h3 Nfe4 19. Nd4 Nxg3 20. fxg3
Rxe3 21. Nf5 Re5 22. Nxh6+ Kg7 23. Ng4 Re2 24. Rf1 Ne4 25. Rf5 Rxc3 26. Raf1
Rc7 27. h4 d4 28. h5 d3 29. h6+ Kg8 30. Re5 f5 31. Rexf5 d2 32. Rd5 Rc1 33.
Rd8+ Kh7 34. Rd7+ Kg6 35. Rg7+ Kh5 36. h7 Rxf1+ 37. Kh2 Kxg4 38. h8=Q Rxg2+ 0-1

[Event "SK Schwäbisch Hall - SG Schwäbisch Gmünd"]
[Site "?"]
[Date "2023.03.05"]
[Round "7.4"]
[White "Khalafova, Narmin"]
[Black "Weiss, Andreas"]
[Result "1-0"]
[WhiteElo "2252"]
[BlackElo "2133"]
[PlyCount "137"]
[EventDate "2023.??.??"]

1. e4 c5 2. b3 e6 3. Bb2 Nc6 4. Nf3 d6 5. Bb5 Bd7 6. O-O Nf6 7. Re1 Be7 8. Na3
O-O 9. Nc4 a6 10. Bxc6 Bxc6 11. e5 Ne8 12. exd6 Nxd6 13. Nce5 Be8 14. d4 cxd4
15. Nxd4 Nb5 16. Nxb5 axb5 17. Qg4 Bf6 18. Re3 Qe7 19. a3 Bc6 20. Rae1 Rfe8 21.
Rh3 g6 22. Qf4 Bh8 23. Qh6 f6 24. Nxg6 Qg7 25. Ne7+ Kf7 26. Nxc6 Qxh6 27. Rxh6
bxc6 28. Rxh7+ Bg7 29. Rh5 Red8 30. Rc5 Ra6 31. b4 Rd5 32. Rxd5 cxd5 33. f4 Rc6
34. Re2 Rc4 35. g3 Bf8 36. Kf2 Bd6 37. Ke1 Bb8 38. Kd2 Ba7 39. Kd3 Bb6 40. Re1
Rc8 41. Re2 Rc4 42. Bc3 Rc8 43. Bd4 Bc7 44. c3 Re8 45. Ra2 e5 46. fxe5 fxe5 47.
Bc5 e4+ 48. Ke3 Ra8 49. Bd4 Ke6 50. g4 Rf8 51. a4 Rf3+ 52. Ke2 Rh3 53. Kf1 bxa4
54. Rxa4 Rxh2 55. Ra6+ Kd7 56. g5 Bf4 57. g6 e3 58. Rf6 Rh1+ 59. Ke2 Rh2+ 60.
Kf1 Rh1+ 61. Ke2 Rh2+ 62. Kf3 Bh6 63. Rf7+ Ke6 64. Rh7 Rf2+ 65. Kg3 Bf4+ 66.
Kg4 Rf1 67. g7 Kf7 68. Rh8 Rg1+ 69. Kxf4 1-0

[Event "SK Schwäbisch Hall - SG Schwäbisch Gmünd"]
[Site "?"]
[Date "2023.03.05"]
[Round "7.5"]
[White "Bergner, Philipp"]
[Black "Svana, Peter"]
[Result "1/2-1/2"]
[WhiteElo "2144"]
[BlackElo "2275"]
[PlyCount "85"]
[EventDate "2023.??.??"]

1. d4 Nf6 2. c4 g6 3. Nc3 c5 4. d5 Bg7 5. e4 O-O 6. Nf3 d6 7. h3 b5 8. cxb5 a6
9. bxa6 Bxa6 10. Bxa6 Nxa6 11. O-O Nd7 12. Bf4 Qa5 13. Qe2 Rfb8 14. Rfc1 Rb6
15. e5 Qb4 16. Bg3 Qxb2 17. Qxb2 Rxb2 18. exd6 exd6 19. Bxd6 Nb4 20. Nd1 Rbxa2
21. Rxa2 Rxa2 22. Ne3 Ra6 23. Bg3 Ra1 24. Rxa1 Bxa1 25. Bd6 Bb2 26. Nd2 Bd4 27.
Ndc4 Nf6 28. Nb6 Bxe3 29. fxe3 Nbxd5 30. Nxd5 Nxd5 31. Bxc5 f5 32. Kf2 Nc3 33.
Kf3 Kf7 34. g4 Ne4 35. Bd4 Ng5+ 36. Kg3 Ke6 37. h4 Ne4+ 38. Kf4 Nd6 39. h5 fxg4
40. hxg6 hxg6 41. Kxg4 Nf5 42. Kg5 Nxe3 43. Bxe3 1/2-1/2

[Event "SK Schwäbisch Hall - SG Schwäbisch Gmünd"]
[Site "?"]
[Date "2023.03.05"]
[Round "7.6"]
[White "Stevik, Patrik"]
[Black "Lankes, Erich"]
[Result "0-1"]
[WhiteElo "2355"]
[BlackElo "2136"]
[PlyCount "186"]
[EventDate "2023.??.??"]

1. Nf3 d6 2. d4 Bg4 3. e4 Nf6 4. Bd3 e6 5. O-O Be7 6. Re1 c6 7. h3 Bh5 8. c3
O-O 9. Nbd2 d5 10. a3 c5 11. dxc5 Bxc5 12. exd5 Qxd5 13. Ne4 Nbd7 14. c4 Qc6
15. b4 Be7 16. Bb2 Rfd8 17. Qe2 Bg6 18. Nd4 Qc8 19. Nb5 Nxe4 20. Bxe4 a6 21.
Nc3 Bf6 22. Rac1 Ne5 23. Bxg6 Nxg6 24. Ne4 Bxb2 25. Qxb2 Nf4 26. Nc5 b6 27. Re4
Nxh3+ 28. gxh3 bxc5 29. Rg4 g6 30. Qe5 Rd3 31. h4 Qd7 32. Rf4 Rc8 33. bxc5 Rxa3
34. Rd4 Qc7 35. Rd6 Qe7 36. Rcd1 Qxh4 37. R6d4 Qe7 38. c6 f6 39. Qe4 e5 40. Rd6
Ra5 41. Qe3 f5 42. Rd7 Qh4 43. Qb3 Qg4+ 44. Kf1 Qh4 45. c5+ Kh8 46. Qd5 Qh3+
47. Ke1 Qc3+ 48. Rd2 e4 49. Rd8+ Kg7 50. Rd7+ Kh6 51. Kf1 Qh3+ 52. Ke1 Qh1+ 53.
Ke2 Qf3+ 54. Ke1 Ra1+ 55. Rd1 Rxd1+ 56. Qxd1 Qxd1+ 57. Kxd1 Rxc6 58. Rd5 Kg5
59. Kd2 h5 60. Kc3 Kf6 61. Kd4 Ke6 62. Rd8 Ke7 63. Rh8 a5 64. Kd5 Ra6 65. Rh7+
Kf6 66. c6 a4 67. c7 Ra8 68. Kc6 a3 69. Kb7 Re8 70. Rd7 a2 71. Rd8 a1=Q 72.
Rxe8 Qb2+ 73. Ka8 Qa3+ 74. Kb7 Qb4+ 75. Kc8 Qb5 76. Rd8 Qa6+ 77. Kb8 Qb6+ 78.
Kc8 Qxf2 79. Rd6+ Ke7 80. Rd7+ Ke6 81. Kd8 Qb6 82. Rd1 f4 83. Rc1 f3 84. Re1
Qd6+ 85. Kc8 Kf5 86. Kb7 Qb4+ 87. Ka7 Qc5+ 88. Kb7 Qb5+ 89. Ka7 Qc6 90. Kb8
Qb6+ 91. Kc8 f2 92. Rd1 e3 93. Kd7 Qxc7+ 0-1